Catálogo

Pero, ¿quién creo a Dios? / (Registro nro. 61776)

Detalles MARC
000 -LEADER
fixed length control field 00710nam a2200241 u 4500
001 - CONTROL NUMBER
control field 61776
005 - DATE AND TIME OF LATEST TRANSACTION
control field 20180714063538.0
008 - FIXED-LENGTH DATA ELEMENTS--GENERAL INFORMATION
fixed length control field 141118s2009 sp r 000 0 spa d
020 ## - INTERNATIONAL STANDARD BOOK NUMBER
International Standard Book Number 84-313-2074-5
082 0# - DEWEY DECIMAL CLASSIFICATION NUMBER
Classification number 212.1
Item number SAN
100 1# - MAIN ENTRY--PERSONAL NAME
Personal name Sanvisens Herreros, Alejandro,
Relator term autor
245 10 - TITLE STATEMENT
Title Pero, ¿quién creo a Dios? /
Statement of responsibility, etc. Alejandro Sanvisens Herreros.
250 ## - EDITION STATEMENT
Edition statement Primera edición
264 #1 - PRODUCTION, PUBLICATION, DISTRIBUTION, MANUFACTURE, AND COPYRIGHT NOTICE
Place of production, publication, distribution, manufacture España :
Name of producer, publisher, distributor, manufacturer Eunsa,
Date of production, publication, distribution, manufacture, or copyright notice 2003
300 ## - PHYSICAL DESCRIPTION
Extent 179 páginas ;
Dimensions 22 cm.
336 ## - CONTENT TYPE
Content type term texto
Source rdacontent
337 ## - MEDIA TYPE
Media type term sin mediación
Source rdamedia
338 ## - CARRIER TYPE
Carrier type term volumen
Source rdacarrier
490 0# - SERIES STATEMENT
Series statement Religión ;
Volume/sequential designation n. 329
650 #0 - SUBJECT ADDED ENTRY--TOPICAL TERM
Topical term or geographic name entry element Existencia de Dios
650 #0 - SUBJECT ADDED ENTRY--TOPICAL TERM
Topical term or geographic name entry element Teología
650 #0 - SUBJECT ADDED ENTRY--TOPICAL TERM
Topical term or geographic name entry element Religión
Existencias
Withdrawn status Lost status Source of classification or shelving scheme Damaged status Not for loan Collection code Home library Current library Shelving location Date acquired Source of acquisition Inventory number Total Checkouts Full call number Barcode Date last seen Price effective from Koha item type
    Dewey Decimal Classification     General Centro de Estudios en Ciencia y Religión Centro de Estudios en Ciencia y Religión Sala general 18/11/2014 Compra 151000000000000000078157   212.1 SAN 2003 93169 05/01/2026 20/11/2015 Libro